Εισαγωγή στην αλληλεπίδραση ανθρώπου-υπολογιστή
Αποθηκεύτηκε σε:
| Άλλοι συγγραφείς: | |
|---|---|
| Μορφή: | Βιβλίο |
| Γλώσσα: | Greek |
| Δημοσίευση: |
Πάτρα :
Εκδόσεις Πανεπιστημίου Πατρών,
c2015.
|
| Θέματα: | |
| Ετικέτες: |
Προσθήκη ετικέτας
Δεν υπάρχουν, Καταχωρήστε ετικέτα πρώτοι!
|
MARC
| LEADER | 00000cam a2200000 a 4500 | ||
|---|---|---|---|
| 001 | 1/112673 | ||
| 008 | 170116s2015####gr | ||| |||| ||gre|| | ||
| 020 | |a 9789605301651 | ||
| 040 | |a GR-MyUa |b gre |c GR-MyUa |e AACR2 | ||
| 041 | 0 | |a gre | |
| 082 | 7 | |a 004.019 |2 (23) | |
| 245 | 0 | 0 | |a Εισαγωγή στην αλληλεπίδραση ανθρώπου-υπολογιστή / |c Νικόλαος Αβούρης... [κ.ά.]. |
| 260 | |a Πάτρα : |b Εκδόσεις Πανεπιστημίου Πατρών, |c c2015. | ||
| 300 | |a 519 σ. ; |c 25 εκ. | ||
| 500 | |a Το 1ο αντίτυπο είναι ανατύπωση του 2016. | ||
| 500 | |a Το 2ο αντίτυπο είναι 2η ανατύπωση του 2018. | ||
| 504 | |a Περιλαμβάνει βιβλιογραφίες και ευρετήριο. | ||
| 650 | 0 | |a Human-computer interaction. | |
| 650 | 0 | |a User interfaces (Computer systems) | |
| 700 | 1 | |a Αβούρης, Νικόλαος Μ. | |
| 852 | |a INST |b SYROS |c EUDOXUS |e 20170116 |h 004.019 ΕΙΣ |p 005500012851 |q 005500012851 |t EDX |y 0 | ||
| 852 | |a INST |b SYROS |c EUDOXUS |e 20211216 |h 004.019 ΕΙΣ |p 005500015201 |q 005500015201 |t EDX |y 0 | ||
| 920 | |a Εύδοξος |b Παραγγελία |y Σύρος-ΤΜΣΠΣ |z 2016-12 | ||
| 920 | |a Εύδοξος |b Παραγγελία |y Σύρος-ΤΜΣΠΣ |z 2021-12 | ||
| 970 | |a Κοντού |b Παρασκευή |z 16/01/2017 | ||